[Event "Cto Aragon Equipos 2016 D Honor Gr II"]
[Site "Aragon"]
[Date "2016.03.05"]
[Round "6.9"]
[White "Garza Marco, Sergio"]
[Black "Salamero Pelay, Fernando"]
[Result "1-0"]
[WhiteElo "2398"]
[BlackElo "2169"]
[PlyCount "55"]
[EventDate "2016.??.??"]
[WhiteTeam "Helios"]
[BlackTeam "Atl. Huesca"]

1. d4 Nf6 2. c4 e6 3. Nc3 Bb4 4. e3 O-O 5. Nge2 Re8 6. a3 Bf8 7. g3 d5 8. Bg2
a5 9. b3 c6 10. Bb2 b6 11. Rc1 Ba6 12. Nb1 a4 13. cxd5 cxd5 14. bxa4 Qd7 15.
O-O Bxe2 16. Qxe2 Rxa4 17. Rc2 b5 18. Rfc1 Rc4 19. Nd2 Rxc2 20. Rxc2 b4 21.
axb4 Bxb4 22. Nb3 Nc6 23. Qb5 Rb8 24. Qxc6 Qxc6 25. Rxc6 Bf8 26. Rc3 Bb4 27.
Rc2 Ng4 28. Nc1 1-0

[Event "Cto Aragon Equipos 2016 D Honor Gr II"]
[Site "Aragon"]
[Date "2016.03.05"]
[Round "6.10"]
[White "Luis Vitalla, Fernando"]
[Black "Guzman Moneo, Alberto"]
[Result "1/2-1/2"]
[WhiteElo "2117"]
[BlackElo "2211"]
[PlyCount "81"]
[EventDate "2016.??.??"]
[WhiteTeam "Atl. Huesca"]
[BlackTeam "Helios"]

1. d4 Nf6 2. Nf3 c5 3. d5 b5 4. c4 g6 5. b3 bxc4 6. bxc4 Bg7 7. Bb2 O-O 8. Nbd2
e6 9. e4 exd5 10. exd5 Re8+ 11. Be2 Qe7 12. O-O Qxe2 13. Qb3 Qe7 14. d6 Qxd6
15. Rfe1 Re6 16. Be5 Qb6 17. Ng5 Nc6 18. Nxe6 fxe6 19. Qf3 Qd8 20. Rab1 Ba6 21.
Bd6 Bf8 22. Bg3 Nd4 23. Qd3 d6 24. Nb3 e5 25. Nxd4 exd4 26. Bh4 Bg7 27. Qb3 Bc8
28. Qf3 Bf5 29. Rb7 Rb8 30. Bxf6 Bxf6 31. Qd5+ Kh8 32. Rxb8 Qxb8 33. Qf7 Be5
34. f4 d3 35. fxe5 dxe5 36. Qf6+ Kg8 37. Qxe5 Qb4 38. Qe8+ Kg7 39. Qe7+ Kg8 40.
Qe8+ Kg7 41. Qe7+ 1/2-1/2

[Event "Cto Aragon Equipos 2016 D Honor Gr II"]
[Site "Aragon"]
[Date "2016.03.05"]
[Round "6.11"]
[White "Navarro Alonso, Jorge"]
[Black "Gella Lopez, Angel"]
[Result "1/2-1/2"]
[WhiteElo "2182"]
[BlackElo "2081"]
[PlyCount "88"]
[EventDate "2016.??.??"]
[WhiteTeam "Helios"]
[BlackTeam "Atl. Huesca"]

1. e4 c5 2. Nc3 e6 3. Nf3 Nc6 4. d4 cxd4 5. Nxd4 Qc7 6. Be3 a6 7. f4 b5 8. Bd3
Nxd4 9. Bxd4 Bb7 10. Qf3 Nf6 11. O-O-O Bc5 12. Be5 d6 13. Bxf6 gxf6 14. f5 e5
15. Kb1 O-O-O 16. Qe2 Kb8 17. a4 b4 18. Nd5 Bxd5 19. exd5 a5 20. Bb5 Rhg8 21.
Rd3 Rg5 22. g4 Rdg8 23. Rg3 Ka7 24. Bc6 Qb6 25. Rf1 Qa6 26. Bb5 Qb7 27. Qe4 Qb6
28. h4 R5g7 29. g5 Qd8 30. Bc6 fxg5 31. f6 Rg6 32. hxg5 Rxg5 33. Rxg5 Rxg5 34.
Qxh7 Qg8 35. Qh3 Qd8 36. Qh7 Qg8 37. Qh3 Qd8 38. Qd3 Qg8 39. Qh3 Qd8 40. Qh7
Qg8 41. Rh1 Rg6 42. Ka2 Kb6 43. Qxg8 Rxg8 44. Rh7 Rf8 1/2-1/2

[Event "Cto Aragon Equipos 2016 D Honor Gr II"]
[Site "Aragon"]
[Date "2016.03.05"]
[Round "6.12"]
[White "Gella Bitrian, Diego"]
[Black "Aparicio Navarro, Pedro"]
[Result "0-1"]
[WhiteElo "2020"]
[BlackElo "2141"]
[PlyCount "46"]
[EventDate "2016.??.??"]
[WhiteTeam "Atl. Huesca"]
[BlackTeam "Helios"]

1. e4 c5 2. Nf3 Nc6 3. d4 cxd4 4. Nxd4 g6 5. Nc3 Bg7 6. Nb3 Nf6 7. g4 h6 8. g5
hxg5 9. Bxg5 d6 10. Be2 a6 11. f4 Bd7 12. Qd3 Rc8 13. O-O-O Rh3 14. Qd2 Nb4 15.
e5 Rhxc3 16. bxc3 Ne4 17. Qe3 Nxa2+ 18. Kb2 Naxc3 19. Rd4 Nxg5 20. Bc4 Ne6 21.
Qxc3 b5 22. f5 Nxd4 23. Qxd4 Bxe5 0-1

[Event "Cto Aragon Equipos 2016 D Honor Gr II"]
[Site "Aragon"]
[Date "2016.03.05"]
[Round "6.13"]
[White "Llanes Luno, Ricardo"]
[Black "Van Ojik, Mark"]
[Result "0-1"]
[WhiteElo "2170"]
[BlackElo "2313"]
[PlyCount "208"]
[EventDate "2016.??.??"]
[WhiteTeam "Delicias"]
[BlackTeam "ONCE C.A. Aragon"]

1. e4 e5 2. d4 exd4 3. Qxd4 Qf6 4. Qe3 Qb6 5. Nc3 Nf6 6. e5 Qxe3+ 7. Bxe3 Ng4
8. Bf4 Bc5 9. Ne4 Bb6 10. h3 f5 11. exf6 Nxf6 12. Nxf6+ gxf6 13. O-O-O d6 14.
Re1+ Kd8 15. Be3 Re8 16. Bd3 Bxe3+ 17. Rxe3 Rxe3 18. fxe3 h6 19. Ne2 Be6 20.
Rf1 Nd7 21. Nd4 Bf7 22. Rf4 h5 23. Be2 c5 24. Nf5 Kc7 25. Bf3 Rh8 26. Rh4 Ne5
27. Rf4 b5 28. b3 Ng6 29. Nxd6 Nxf4 30. Nxf7 Rf8 31. exf4 Rxf7 32. Bxh5 Rd7 33.
c3 b4 34. Kc2 Kd8 35. Bg6 Rg7 36. Be4 Rd7 37. Bg6 Ke7 38. h4 Kf8 39. Bd3 Rg7
40. Be4 Rg4 41. h5 Rxf4 42. Bf3 Rh4 43. Kb2 Ke7 44. a3 bxc3+ 45. Kxc3 a5 46. a4
Kd6 47. Kd3 Ke5 48. Kc3 Kf5 49. Kd3 Kg5 50. Kd2 Rb4 51. Kc3 Rd4 52. Kc2 f5 53.
Kc3 Rb4 54. Be2 Rd4 55. Bf3 Rh4 56. Kd3 Kf6 57. Kc3 Rb4 58. Be2 Ke5 59. Bc4 Rb8
60. Be2 Kd6 61. Kc4 Rb6 62. Kc3 Ke5 63. Kc4 Kd6 64. Kc3 Rb7 65. Bf3 Rb4 66. Be2
Rh4 67. Bf3 Rh1 68. Kd3 Ke5 69. Kc4 Rc1+ 70. Kd3 Kd6 71. Kd2 Rh1 72. Kc3 Rh4
73. Kd3 Rb4 74. Kc3 c4 75. bxc4 Kc5 76. Bd5 Rb1 77. Kd3 Rh1 78. Bf7 Rg1 79. Bd5
Ra1 80. g4 Ra3+ 81. Ke2 fxg4 82. Kf2 Rh3 83. Bf7 Kb4 84. Be8 Kxc4 85. Bd7 Rxh5
86. Bxg4 Re5 87. Bd7 Kb3 88. Kf3 Ka3 89. Kf4 Re7 90. Bb5 Kb4 91. Bc6 Kc5 92.
Bb5 Kd4 93. Ba6 Re6 94. Bb5 Rf6+ 95. Kg5 Rf2 96. Kg4 Kc5 97. Kg3 Rf6 98. Kg4
Kb4 99. Kg5 Rf2 100. Kg4 Ra2 101. Kf3 Rxa4 102. Bxa4 Kxa4 103. Ke3 Kb3 104. Kd2
Kb2 0-1

[Event "Cto Aragon Equipos 2016 D Honor Gr II"]
[Site "Aragon"]
[Date "2016.03.05"]
[Round "6.14"]
[White "Gavin Roche, Enrique"]
[Black "Roche Simon, Manuel Angel"]
[Result "1-0"]
[WhiteElo "2242"]
[BlackElo "2143"]
[PlyCount "61"]
[EventDate "2016.??.??"]
[WhiteTeam "ONCE C.A. Aragon"]
[BlackTeam "Delicias"]

1. d4 d5 2. c4 e6 3. Nc3 Nf6 4. cxd5 exd5 5. Bg5 c6 6. e3 Na6 7. Bxa6 bxa6 8.
Qa4 Bd7 9. Qxa6 Be7 10. Nf3 Qb6 11. Qxb6 axb6 12. O-O b5 13. a3 Ne4 14. Nxe4
dxe4 15. Bxe7 exf3 16. Bb4 fxg2 17. Kxg2 f5 18. f3 Kf7 19. Rac1 Rhe8 20. e4
Rac8 21. Bd6 g5 22. Rc5 Kg6 23. Be5 h5 24. Rfc1 g4 25. exf5+ Kxf5 26. fxg4+
hxg4 27. Rf1+ Ke4 28. Rf4+ Kd3 29. Rc3+ Kd2 30. Rf2+ Kd1 31. Bf4 1-0

[Event "Cto Aragon Equipos 2016 D Honor Gr II"]
[Site "Aragon"]
[Date "2016.03.05"]
[Round "6.15"]
[White "Naya Sancho, Jose Ignacio"]
[Black "Laliena Solanes, Luis"]
[Result "1/2-1/2"]
[WhiteElo "2121"]
[BlackElo "2219"]
[PlyCount "68"]
[EventDate "2016.??.??"]
[WhiteTeam "Delicias"]
[BlackTeam "ONCE C.A. Aragon"]

1. Nf3 d5 2. c4 d4 3. g3 Nc6 4. Bg2 e5 5. d3 Bb4+ 6. Nbd2 a5 7. O-O Nf6 8. a3
Be7 9. b3 O-O 10. Rb1 Re8 11. Qc2 Bc5 12. Ng5 Bf5 13. Nge4 Qe7 14. Nxf6+ Qxf6
15. Ne4 Qe7 16. Nxc5 Qxc5 17. b4 axb4 18. axb4 Nxb4 19. Qb3 Na2 20. Qxb7 Nc3
21. Rb2 Ra7 22. Qc6 Qxc6 23. Bxc6 Rd8 24. f4 Bg4 25. Bf3 Bxf3 26. exf3 f6 27.
fxe5 fxe5 28. Bg5 Rda8 29. Kg2 Ra2 30. Rxa2 Rxa2+ 31. Rf2 Ra1 32. Rf1 Ra2+ 33.
Rf2 Ra1 34. Rf1 Ra2+ 1/2-1/2

[Event "Cto Aragon Equipos 2016 D Honor Gr II"]
[Site "Aragon"]
[Date "2016.03.05"]
[Round "6.16"]
[White "Cobo Garrido, Diego Israel"]
[Black "Lamas Mercadal, Manuel"]
[Result "0-1"]
[WhiteElo "2062"]
[BlackElo "2084"]
[PlyCount "88"]
[EventDate "2016.??.??"]
[WhiteTeam "ONCE C.A. Aragon"]
[BlackTeam "Delicias"]

1. e4 c5 2. Nf3 d6 3. d4 cxd4 4. Nxd4 Nf6 5. Nc3 g6 6. Be3 Bg7 7. f3 Nc6 8. Qd2
O-O 9. g4 Be6 10. Nxe6 fxe6 11. h4 Ne5 12. Be2 Rc8 13. h5 Qa5 14. hxg6 hxg6 15.
O-O-O Rf7 16. Kb1 a6 17. Bd4 Nc6 18. Be3 Ne5 19. Bd4 Nc6 20. Be3 b5 21. Bh6 b4
22. Bxg7 Rxg7 23. Qh6 bxc3 24. Bc4 Nd8 25. Bxe6+ Nxe6 26. Qh8+ Kf7 27. Qxc8 Qb4
28. Qxc3 Qxc3 29. bxc3 Nd7 30. Rd5 Ne5 31. Ra5 Nc5 32. Ra3 Nc4 33. Rb3 Nxb3 34.
cxb3 Ne5 35. Kc2 Ke6 36. Rh3 Rf7 37. Kd2 Rxf3 38. Rxf3 Nxf3+ 39. Ke3 Ne5 40. g5
Nd7 41. Kf4 Nc5 42. b4 Na4 43. c4 Nb6 44. b5 a5 0-1

[Event "Cto de Aragón Eq Fase II"]
[Site "Aragón"]
[Date "2016.03.05"]
[Round "6.17"]
[White "Cebrian Valverde, Jose Antonio"]
[Black "Gracia Campo, Carlos Alberto"]
[Result "0-1"]
[WhiteElo "2144"]
[BlackElo "2084"]
[PlyCount "92"]
[EventDate "2016.??.??"]
[WhiteTeam "San Jose"]
[BlackTeam "El Olivar B"]

1. d4 Nf6 2. Nf3 g6 3. c4 Bg7 4. Nc3 O-O 5. e4 d6 6. Be2 c5 7. O-O cxd4 8. Nxd4
Nc6 9. Be3 Bd7 10. Qd2 Nxd4 11. Bxd4 Bc6 12. Qe3 e5 13. Bxa7 Nd7 14. Rfd1 Qa5
15. Rxd6 Qxa7 16. Qd2 Nc5 17. Qc2 Rad8 18. Rad1 Qb8 19. Rxd8 Rxd8 20. Nd5 Ne6
21. Qc3 Nd4 22. Bd3 Bxd5 23. cxd5 Rc8 24. Qb4 Qc7 25. h3 Bf8 26. Qa4 Qc5 27. a3
Kg7 28. Qd7 Rc7 29. Qe8 Qe7 30. Qa4 Qg5 31. Bc4 Nf3+ 32. Kh1 Qf4 33. gxf3 Qxf3+
34. Kg1 Rxc4 35. Qxc4 Qxd1+ 36. Kg2 Qd4 37. Qxd4 exd4 38. e5 Bc5 39. b4 d3 40.
Kf3 Bd4 41. a4 Bxe5 42. Ke3 Bd4+ 43. Kxd3 Bxf2 44. a5 Kf6 45. b5 Ke5 46. Kc4
Kd6 0-1

[Event "Cto de Aragón Eq Fase II"]
[Site "Aragón"]
[Date "2016.03.05"]
[Round "6.18"]
[White "Bailo Remacha, Santiago"]
[Black "Gutierrez Mingueza, Ruben"]
[Result "0-1"]
[WhiteElo "2036"]
[BlackElo "2075"]
[PlyCount "56"]
[EventDate "2016.??.??"]
[WhiteTeam "El Olivar B"]
[BlackTeam "San Jose"]

1. d4 Nf6 2. c4 e6 3. Nc3 d5 4. Nf3 Be7 5. b3 O-O 6. Bb2 c5 7. g3 dxc4 8. bxc4
cxd4 9. Nxd4 Qb6 10. Rb1 Rd8 11. Na4 Bb4+ 12. Bc3 Bxc3+ 13. Nxc3 Rxd4 14. Rxb6
Rxd1+ 15. Kxd1 axb6 16. Kc2 Bd7 17. Bg2 Bc6 18. Bxc6 bxc6 19. Rd1 Nfd7 20. Rd6
Kf8 21. f4 Ke7 22. Rd1 Na6 23. e4 f6 24. Kb2 Nac5 25. Ne2 Nxe4 26. Nd4 Rc8 27.
f5 Ndc5 28. Re1 Nd3+ 0-1

[Event "Cto de Aragón Eq Fase II"]
[Site "Aragón"]
[Date "2016.03.05"]
[Round "6.19"]
[White "Gimeno Oteo, Marco Antonio"]
[Black "Bayod Rubia, Angel"]
[Result "0-1"]
[WhiteElo "2070"]
[BlackElo "2009"]
[PlyCount "62"]
[EventDate "2016.??.??"]
[WhiteTeam "San Jose"]
[BlackTeam "El Olivar B"]

1. e4 d6 2. d4 Nf6 3. Nc3 g6 4. f4 Bg7 5. Nf3 O-O 6. e5 Ne8 7. h4 Bg4 8. h5
gxh5 9. Be3 d5 10. Qd2 f5 11. O-O-O e6 12. Ne2 Bh6 13. Ng3 Ng7 14. Be2 Qe8 15.
Kb1 Nd7 16. Ng5 Nb6 17. b3 a5 18. Bxg4 fxg4 19. Rh2 a4 20. Rdh1 axb3 21. cxb3
Bxg5 22. fxg5 Qb5 23. Nxh5 Nxh5 24. Rxh5 Nc4 25. Qc3 Na3+ 26. Kb2 Qe2+ 27. Qd2
Qb5 28. Rc1 Nc4+ 29. Rxc4 dxc4 30. Qc2 c3+ 31. Qxc3 Qe2+ 0-1

[Event "Cto de Aragón Eq Fase II"]
[Site "Aragón"]
[Date "2016.03.05"]
[Round "6.20"]
[White "Labrador Postigo, Francisco M"]
[Black "Palomar Ramon, Santiago"]
[Result "1-0"]
[WhiteElo "1893"]
[BlackElo "1980"]
[PlyCount "57"]
[EventDate "2016.??.??"]
[WhiteTeam "El Olivar B"]
[BlackTeam "San Jose"]

1. d4 Nf6 2. Bg5 Ne4 3. Bh4 d5 4. f3 Nd6 5. Nc3 Nf5 6. Bf2 Nc6 7. e3 e6 8. Qd2
Be7 9. O-O-O b6 10. Qe1 O-O 11. h4 Na5 12. e4 Nd6 13. exd5 exd5 14. Nxd5 Re8
15. Qc3 Bb7 16. Nxe7+ Rxe7 17. Bd3 Qd7 18. h5 Rae8 19. Nh3 Nf5 20. h6 gxh6 21.
Nf4 Qd6 22. Nh5 Ne3 23. d5 Qe5 24. Nf6+ Kf8 25. Nxh7+ Kg7 26. Bxe3 Qxc3 27.
Bxh6+ Kh8 28. bxc3 f5 29. Nf6 1-0

[Event "Cto de Aragón Eq Fase II"]
[Site "Aragón"]
[Date "2016.03.05"]
[Round "6.21"]
[White "Villuendas Valero, Adrian"]
[Black "Baron Rodriguez, Jesus"]
[Result "1-0"]
[WhiteElo "2319"]
[BlackElo "2439"]
[PlyCount "65"]
[EventDate "2016.??.??"]
[WhiteTeam "St. Casablanca B"]
[BlackTeam "Ibercaja A"]

1. d4 d5 2. Bf4 e6 3. e3 Bd6 4. Nf3 b6 5. Nbd2 Bb7 6. Bd3 Nf6 7. Ne5 Nbd7 8.
Qf3 Qe7 9. O-O O-O-O 10. Qe2 Bxe5 11. dxe5 Ne4 12. Nxe4 dxe4 13. Ba6 g5 14. Bg3
h5 15. f4 h4 16. Be1 Rhg8 17. Bxb7+ Kxb7 18. Qc4 f5 19. exf6 Nxf6 20. fxg5 Rxg5
21. Bxh4 Rf5 22. Rad1 Rxd1 23. Rxd1 Qc5 24. Qxc5 bxc5 25. Bxf6 Rxf6 26. Rf1 Rh6
27. Rf4 Kc6 28. Rxe4 Kd5 29. Ra4 Rh7 30. Rxa7 Ke4 31. Ra3 c4 32. Rc3 e5 33. Kf2
1-0

[Event "Cto de Aragón Eq Fase II"]
[Site "Aragón"]
[Date "2016.03.05"]
[Round "6.22"]
[White "Gines Esteo, Pedro Antonio"]
[Black "Gomez Anadon, Daniel"]
[Result "0-1"]
[WhiteElo "2192"]
[BlackElo "2212"]
[PlyCount "88"]
[EventDate "2016.??.??"]
[WhiteTeam "Ibercaja A"]
[BlackTeam "St. Casablanca B"]

1. d4 d5 2. Nf3 Nf6 3. c4 e6 4. e3 Nbd7 5. b3 c6 6. Nbd2 Bd6 7. Bb2 O-O 8. Bd3
Re8 9. O-O e5 10. dxe5 Nxe5 11. Nxe5 Bxe5 12. Qc2 Bg4 13. b4 Rc8 14. Nb3 Bb8
15. Bxf6 Qxf6 16. Bxh7+ Kh8 17. Bd3 Qd6 18. g3 Qxb4 19. c5 Bh3 20. Rfb1 Qg4 21.
Nd4 Qd7 22. Rb4 g6 23. Qb2 Be5 24. Rxb7 Rc7 25. Rb1 Rxb7 26. Qxb7 Qxb7 27. Rxb7
Bxd4 28. Rxf7 Bxc5 29. Bxg6 Re7 30. Rf4 Kg7 31. Bf5 Bxf5 32. Rxf5 Rb7 33. e4
Rb2 34. exd5 cxd5 35. a4 Bb6 36. Kg2 Ra2 37. Rxd5 Rxf2+ 38. Kh3 Ra2 39. Rg5+
Kf6 40. Rg4 Bg1 41. Rf4+ Ke6 42. Kh4 Rxh2+ 43. Kg4 Rd2 44. Rb4 Rd4+ 0-1

[Event "Cto de Aragón Eq Fase II"]
[Site "Aragón"]
[Date "2016.03.05"]
[Round "6.23"]
[White "Gimenez Martinez, Alberto"]
[Black "Gines Abad, Pedro"]
[Result "1-0"]
[WhiteElo "2184"]
[BlackElo "2018"]
[PlyCount "67"]
[EventDate "2016.??.??"]
[WhiteTeam "St. Casablanca B"]
[BlackTeam "Ibercaja A"]

1. e4 c6 2. d4 d5 3. exd5 cxd5 4. c4 Nf6 5. Nc3 Nc6 6. Bg5 Be6 7. Nf3 h6 8. Be3
dxc4 9. Qa4 Qa5 10. Qxa5 Nxa5 11. Nb5 Nd5 12. Bd2 a6 13. Na3 c3 14. bxc3 b5 15.
c4 Nxc4 16. Nxc4 bxc4 17. Bxc4 Nf4 18. Bxe6 Nxe6 19. Rc1 Rd8 20. Ba5 Rd5 21.
Bc3 Nf4 22. Kf1 e6 23. Bd2 Ng6 24. Rc8+ Rd8 25. Rxd8+ Kxd8 26. Ke2 Bd6 27. Rb1
Kd7 28. Rb7+ Bc7 29. Ra7 Rb8 30. Ba5 Nf4+ 31. Kd2 Rc8 32. Ne5+ Kd8 33. Nxf7+
Ke8 34. Bxc7 1-0

[Event "Cto de Aragón Eq Fase II"]
[Site "Aragón"]
[Date "2016.03.05"]
[Round "6.24"]
[White "Torcal Miguel, Oscar"]
[Black "Labena Bernal, Antonio"]
[Result "0-1"]
[WhiteElo "1902"]
[BlackElo "2109"]
[PlyCount "120"]
[EventDate "2016.??.??"]
[WhiteTeam "Ibercaja A"]
[BlackTeam "St. Casablanca B"]

1. e4 e5 2. Nf3 Nc6 3. Bc4 Nf6 4. d3 Be7 5. c3 O-O 6. Bg5 Ne8 7. Be3 d6 8. O-O
Na5 9. Bb5 f5 10. Qe2 fxe4 11. dxe4 Bg4 12. Nbd2 c6 13. Ba4 b5 14. Bb3+ Nxb3
15. axb3 Qc7 16. h3 Bh5 17. Qd3 Bg6 18. c4 b4 19. Ra4 a5 20. Rfa1 Nf6 21. Nh4
Bf7 22. Nf5 Bg6 23. Nxe7+ Qxe7 24. Rxa5 Rxa5 25. Rxa5 Rd8 26. Ra7 Rd7 27. Ra8+
Kf7 28. Bg5 d5 29. Bxf6 gxf6 30. cxd5 cxd5 31. Qe2 dxe4 32. Nxe4 Rd4 33. f3 Qb7
34. Ra6 Bxe4 35. fxe4 Rxe4 36. Qh5+ Kg7 37. Re6 Qf7 38. Qxf7+ Kxf7 39. Rb6 Kg6
40. Kf2 h5 41. Kf3 Rf4+ 42. Ke3 Kg5 43. g3 Rd4 44. Rb7 f5 45. Rb6 Re4+ 46. Kf3
h4 47. g4 Rf4+ 48. Kg2 fxg4 49. Rb5 g3 50. Rxe5+ Rf5 51. Re4 Rf2+ 52. Kg1 Rh2
53. Rxb4 Rxh3 54. Rb8 Rh2 55. b4 Rxb2 56. Kf1 Rh2 57. Ke1 Rh1+ 58. Kd2 h3 59.
Rg8+ Kf4 60. b5 g2 0-1

[Event "Cto de Aragón Eq Fase II"]
[Site "Aragón"]
[Date "2016.03.05"]
[Round "6.26"]
[White "Solano Lasierra, Javier"]
[Black "Ramon Perez, Jose Luis"]
[Result "1-0"]
[WhiteElo "2117"]
[BlackElo "2238"]
[PlyCount "57"]
[EventDate "2016.??.??"]
[WhiteTeam "L'Aurora Estadilla A"]
[BlackTeam "Agrupacion A"]

1. d4 e6 2. Nf3 f5 3. Nc3 d5 4. Bf4 Nf6 5. e3 Bb4 6. Bd3 Ne4 7. O-O Bxc3 8.
bxc3 Nxc3 9. Qd2 Ne4 10. Qb4 c6 11. Bxe4 fxe4 12. Nd2 Na6 13. Qa3 c5 14. f3 O-O
15. fxe4 Bd7 16. Bd6 Re8 17. e5 Bb5 18. Rf2 b6 19. Rb1 Qd7 20. Qb2 Ba4 21. Rbf1
Qb5 22. Qc1 Nb4 23. Nb3 c4 24. Qd1 cxb3 25. axb3 Nd3 26. cxd3 Qxb3 27. Qh5 h6
28. Qg6 Kh8 29. Bf8 1-0

[Event "Cto de Aragón Eq Fase II"]
[Site "Aragón"]
[Date "2016.03.05"]
[Round "6.27"]
[White "Mimbela Lopez, Miguel A"]
[Black "Pellicer Cerezuela, Miguel"]
[Result "1-0"]
[WhiteElo "2149"]
[BlackElo "2048"]
[PlyCount "71"]
[EventDate "2016.??.??"]
[WhiteTeam "Agrupacion A"]
[BlackTeam "L'Aurora Estadilla A"]

1. e4 e6 2. Qe2 Be7 3. d4 d5 4. e5 c5 5. Qg4 Kf8 6. c3 Nc6 7. Nf3 Bd7 8. Be2
Rc8 9. O-O h6 10. Be3 cxd4 11. cxd4 f5 12. exf6 Nxf6 13. Qf4 g5 14. Qg3 Ne4 15.
Qh3 h5 16. Ne5 Nxe5 17. dxe5 Kg7 18. f3 Nc5 19. Nc3 Qe8 20. Rad1 a5 21. Kh1 b5
22. Qg3 b4 23. Bxg5 Bxg5 24. Qxg5+ Qg6 25. Qe7+ Qf7 26. Qxf7+ Kxf7 27. Nb5 Bxb5
28. Bxb5 Rb8 29. Be2 Na4 30. Rd2 Rhc8 31. f4 Kg6 32. g4 hxg4 33. Bxg4 Nc5 34.
f5+ Kg5 35. Rg2 Rf8 36. Bd1+ 1-0

[Event "Cto de Aragón Eq Fase II"]
[Site "Aragón"]
[Date "2016.03.05"]
[Round "6.28"]
[White "Cid Royo, Oscar"]
[Black "Carruez Berges, Santiago"]
[Result "1-0"]
[WhiteElo "2040"]
[BlackElo "2046"]
[PlyCount "79"]
[EventDate "2016.??.??"]
[WhiteTeam "L'Aurora Estadilla A"]
[BlackTeam "Agrupacion A"]

1. d4 Nf6 2. c4 g6 3. Nc3 Bg7 4. e4 O-O 5. f3 c5 6. d5 e5 7. Be3 d6 8. Qd2 Nh5
9. Nge2 f5 10. exf5 gxf5 11. Bh6 Qh4+ 12. g3 Nxg3 13. Bg5 Nxf1+ 14. Bxh4 Nxd2
15. Kxd2 Na6 16. Be7 Re8 17. Bxd6 Bh6+ 18. f4 Bd7 19. Rhg1+ Kf7 20. Rg3 exf4
21. Nxf4 Rg8 22. Re1 Rae8 23. Rxg8 Kxg8 24. Rxe8+ Bxe8 25. a3 Bf8 26. Be5 Bg7
27. Bd6 Bf8 28. Bxf8 Kxf8 29. Ke3 Ke7 30. Nd3 b6 31. Kf4 Nc7 32. Ke5 Kd7 33. b4
cxb4 34. axb4 Na6 35. c5 f4 36. c6+ Kc8 37. b5 Bg6 38. Nxf4 Nc5 39. Nxg6 hxg6
40. d6 1-0

[Event "Cto Aragon Equipos 2016 Pref Gr I"]
[Site "Aragon"]
[Date "2016.03.05"]
[Round "6.29"]
[White "Planas Torrea, Francisco Javie"]
[Black "Cifuentes Parada, Roberto"]
[Result "0-1"]
[WhiteElo "2040"]
[BlackElo "2469"]
[PlyCount "54"]
[EventDate "2016.??.??"]
[EventType "team-tourn"]
[EventRounds "9"]
[WhiteTeam "Ejea"]
[BlackTeam "Jaque"]

1. d4 Nf6 2. c4 d6 3. Nf3 Nbd7 4. Nc3 e5 5. d5 g6 6. e4 Nc5 7. Qc2 a5 8. Be2
Bg7 9. Bg5 h6 10. Bh4 g5 11. Bg3 Nh5 12. Nd2 Nf4 13. Bxf4 exf4 14. g3 a4 15. h4
Qf6 16. hxg5 hxg5 17. Rxh8+ Bxh8 18. Nb5 Kd8 19. O-O-O a3 20. Nxa3 Rxa3 21.
bxa3 Qa1+ 22. Nb1 Bd7 23. Rd3 Nxd3+ 24. Bxd3 fxg3 25. fxg3 Qd4 26. Qd2 Qg1+ 27.
Kc2 Ba4# 0-1

[Event "Cto Aragon Equipos 2016 Pref Gr I"]
[Site "Aragon"]
[Date "2016.03.05"]
[Round "6.30"]
[White "Perez Puyal, Jose Joaquin"]
[Black "Planas Torrea, Alberto"]
[Result "1-0"]
[WhiteElo "1855"]
[BlackElo "1967"]
[PlyCount "48"]
[EventDate "2016.??.??"]
[EventType "team-tourn"]
[EventRounds "9"]
[WhiteTeam "Jaque"]
[BlackTeam "Ejea"]

1. d4 c6 2. Nf3 e6 3. e3 d5 4. Bd3 Bd6 5. Nbd2 Nd7 6. e4 dxe4 7. Nxe4 Be7 8.
Bf4 Ndf6 9. Be5 Kf8 10. O-O Nxe4 11. Bxe4 Nf6 12. Bd3 c5 13. c3 Bd7 14. dxc5
Bxc5 15. Nd4 Bxd4 16. Bxd4 Bc6 17. Qe2 Qd5 18. f4 Nd7 19. Rae1 b5 20. Qg4 Nf6
21. Qh3 h5 22. f5 Rh6 23. fxe6 Rg6 24. Bxg6 fxg6 1-0

[Event "Cto Aragon Equipos 2016 Pref Gr I"]
[Site "Aragon"]
[Date "2016.03.05"]
[Round "6.31"]
[White "Merin Flores, Miguel Angel"]
[Black "Escartin Lacasa, Jose"]
[Result "0-1"]
[WhiteElo "1747"]
[BlackElo "1841"]
[PlyCount "82"]
[EventDate "2016.??.??"]
[EventType "team-tourn"]
[EventRounds "9"]
[WhiteTeam "Ejea"]
[BlackTeam "Jaque"]

1. d4 d5 2. c4 c6 3. Nc3 Nf6 4. Nf3 g6 5. Bg5 Bg7 6. e3 O-O 7. Bd3 e6 8. g4
dxc4 9. Bxc4 b5 10. Bd3 Qb6 11. Bxf6 Bxf6 12. h4 c5 13. g5 Bg7 14. h5 Bb7 15.
dxc5 Qxc5 16. Rg1 Qb4 17. Rc1 Rd8 18. Ke2 Bxf3+ 19. Kxf3 Nc6 20. hxg6 fxg6 21.
Qb3 Qxb3 22. axb3 Rxd3 23. Nxb5 Ne5+ 24. Ke4 Rxb3 25. Nd4 Rxb2 26. Nxe6 Re8 27.
Nxg7 Kxg7 28. Rc7+ Nf7+ 29. Kf3 a5 30. Ra7 Rb5 31. Rg4 Kg8 32. Kf4 Rf5+ 33. Kg3
Nxg5 34. Rd4 Ne4+ 35. Kg2 Rxf2+ 36. Kh3 Rf3+ 37. Kg4 Rxe3 38. Kf4 Nc3 39. Rdd7
R3e7 40. Rxe7 Rxe7 41. Rxa5 Kg7 0-1

[Event "Cto Aragon Equipos 2016 Pref Gr I"]
[Site "Aragon"]
[Date "2016.03.05"]
[Round "6.32"]
[White "Buisan Zaharia, Pedro"]
[Black "Galvez Longas, Isaac"]
[Result "1/2-1/2"]
[WhiteElo "1584"]
[BlackElo "1715"]
[PlyCount "64"]
[EventDate "2016.??.??"]
[EventType "team-tourn"]
[EventRounds "9"]
[WhiteTeam "Jaque"]
[BlackTeam "Ejea"]

1. d4 Nf6 2. Nf3 d5 3. Bf4 Bf5 4. c4 c6 5. Qb3 Qb6 6. c5 Qxb3 7. axb3 Bxb1 8.
Rxb1 Nh5 9. Bxb8 Rxb8 10. e3 g6 11. Bd3 f5 12. b4 a6 13. Ne5 Bg7 14. f4 Bxe5
15. dxe5 Rd8 16. Rd1 Ng7 17. Ke2 h5 18. h4 Kf7 19. Rd2 Ne6 20. Rhd1 Ra8 21. Ra1
Rhd8 22. Ra3 Rd7 23. Ra1 Rad8 24. Rad1 Nc7 25. Kf2 Ke8 26. Kf3 Ne6 27. Ke2 Ra8
28. Ra1 Nc7 29. Kf3 Rdd8 30. Be2 Ra7 31. Bf1 Rb8 32. Rc2 Rd8 1/2-1/2

[Event "Cto Aragon Equipos 2016 Pref Gr I"]
[Site "Aragon"]
[Date "2016.03.05"]
[Round "6.33"]
[White "Jaques Burguete, Raul"]
[Black "Ainsa Claver, Ignacio"]
[Result "1-0"]
[WhiteElo "2011"]
[BlackElo "1954"]
[PlyCount "127"]
[EventDate "2016.??.??"]
[EventType "team-tourn"]
[EventRounds "9"]
[WhiteTeam "St. Casablanca C"]
[BlackTeam "Sabiñanigo"]

1. e4 e6 2. e5 d6 3. exd6 cxd6 4. d4 d5 5. Nf3 Nc6 6. Bd3 Nf6 7. O-O Bd6 8. c3
O-O 9. Bg5 h6 10. Bh4 e5 11. dxe5 Nxe5 12. Nxe5 Bxe5 13. Bg3 Bxg3 14. hxg3 Qb6
15. Qb3 Qc5 16. Qb5 Qxb5 17. Bxb5 a6 18. Ba4 b5 19. Bb3 Re8 20. Na3 Bb7 21. Nc2
Ne4 22. Rfd1 Rad8 23. Ne3 Nf6 24. Rd4 Re4 25. Rad1 Rxd4 26. Rxd4 Rd7 27. a4 Bc6
28. axb5 axb5 29. f3 h5 30. Kf2 g5 31. Nc2 Kf8 32. Nb4 Bb7 33. Nd3 Rc7 34. Nb4
Rd7 35. Bc2 Ke7 36. Bd3 Rd6 37. Bxb5 Rb6 38. Ba4 Rd6 39. Nd3 Bc6 40. Bb3 Bb5
41. Nb4 Ke6 42. Ke3 Bf1 43. Rd2 g4 44. f4 Bb5 45. Nc2 Kd7 46. Nd4 Bc4 47. Ba4+
Kc8 48. b3 Ba6 49. Nf5 Re6+ 50. Kd4 Re4+ 51. Kc5 Kc7 52. Bc6 Bc8 53. Nd4 Re3
54. Nb5+ Kb8 55. Bxd5 Nxd5 56. Rxd5 Rxg3 57. Rxh5 Bd7 58. Rh8+ Kb7 59. Nd6+ Kc7
60. Nxf7 Rxc3+ 61. Kb4 Rg3 62. Rh7 Bf5 63. Rg7 Be6 64. Ng5+ 1-0